Economía internacional / (Record no. 16935)

MARC details
000 -CABECERA
campo de control de longitud fija 00638nam a2200205 a 4500
005 - FECHA Y HORA DE LA ÚLTIMA TRANSACCIÓN
campo de control 20240919064420.0
008 - ELEMENTOS DE LONGITUD FIJA--INFORMACIÓN GENERAL
campo de control de longitud fija 991125s1978 mad 000 0 spa u
020 ## - NÚMERO INTERNACIONAL NORMALIZADO PARA LIBROS
Número Internacional Estándar del Libro 840316068
035 ## - NÚMERO DE CONTROL DEL SISTEMA
Número de control de sistema UPN01000016935
049 ## - COLECCIÓN
Colección CG
050 #4 - SIGNATURA TOPOGRÁFICA DE LA BIBLIOTECA DEL CONGRESO
Número de clasificación HF1411
Número de documento/Ítem K5.38 1978
100 1# - ASIENTO PRINCIPAL--NOMBRE PERSONAL
Nombre de persona Kindleberger, Charles Poor,
Fechas asociadas al nombre 1910-
245 10 - MENCIÓN DE TÍTULO
Título Economía internacional /
Mención de responsabilidad, etc. Charles P. Kindleberger ; tr. por Jesús de Cenzano y Losa.
250 ## - MENCIÓN DE EDICIÓN
Mención de edición 7a ed.
260 ## - PUBLICACIÓN, DISTRIBUCIÓN, ETC.
Lugar de publicación, distribución, etc. Madrid :
Nombre del editor, distribuidor, etc. Aguilar,
Fecha de publicación, distribución, etc. 1978.
300 ## - DESCRIPCIÓN FÍSICA
Extensión 608 p.
440 #0 - MENCIÓN DE SERIE/ASIENTO SECUNDARIO--TÍTULO
Título Biblioteca de ciencias sociales.
Nombre de parte o sección de la obra Sección primera.
-- Economía
650 #4 - ASIENTO SECUNDARIO DE MATERIA - TERMINO TEMATICO
Término de materia o nombre geográfico como elemento de entrada Economía internacional
9 (RLIN) 14629
905 ## - TIPO DE MATERIAL
Tipo de material Libro
Holdings
Estado de retiro Estado de pérdida Fuente del sistema de clasificación o colocación Estado dañado No para préstamo Código de colección Localización permanente Ubicación/localización actual Ubicación en estantería Total de préstamos Clasificación Código de barras Fecha visto por última vez Número de copia Tipo de ítem Koha
    Library of Congress Classification     Colección General Bib. Gregorio Torres Quintero Bib. Gregorio Torres Quintero Planta baja 4 HF1411 K5.38 1978 6372 31/12/2020 1 Libro